New interchange : Passages /
Đã lưu trong:
| Tác giả chính: | |
|---|---|
| Định dạng: | Sách giấy |
| Ngôn ngữ: | English |
| Được phát hành: |
New York :
Cambridge University Press,
2003.
|
| Những chủ đề: | |
| Các nhãn: |
Thêm thẻ
Không có thẻ, Là người đầu tiên thẻ bản ghi này!
|
| Thư viện lưu trữ: | Thư viện Trường Đại học Đà Lạt |
|---|
| LEADER | 00658nam a2200289 4500 | ||
|---|---|---|---|
| 001 | DLU110120614 | ||
| 005 | ##20110505 | ||
| 040 | # | # | |a DLU |b vie |
| 041 | # | # | |a eng |
| 044 | # | # | |a vn |
| 082 | # | # | |a 428 |b LE-T |
| 100 | # | # | |a Lesley, Tay. |
| 245 | # | # | |a New interchange : |b Passages / |c Tay Lesley. |
| 260 | # | # | |a New York : |b Cambridge University Press, |c 2003. |
| 300 | # | # | |a 292 tr. ; |c 28 cm. |
| 653 | # | # | |a English language |
| 923 | # | # | |a 01/2011NN |
| 991 | # | # | |a GT |
| 992 | # | # | |a 0 |
| 994 | # | # | |a KNN |
| 900 | # | # | |a True |
| 911 | # | # | |a Đào Thị Thu Huyền |
| 925 | # | # | |a G |
| 926 | # | # | |a A |
| 927 | # | # | |a SH |
| 980 | # | # | |a Thư viện Trường Đại học Đà Lạt |